00650 2200241 4500001002100000005001700021008004100038035002400079082001000103090001700113100001900130245005800149260004100207300002700248500002400275500002500299650001900324700001500343850001600358980001300374985000600387999001500393YOGYA-0209000001750320090227022751.0 ind  0010-020900000017503 a621.6 a621.6bNou P aNOUWEN, Ing. A aPompacIng. A. Nouwen ; diterjemahkan oleh A.S. Anwir aJakartabBhratara Karya Aksarac1981 a... Jilidbilusc21 cm aJudul asli : Pompen aYang diterma : Jl. 2 aPompa - Teknik aAnwir, A.S aYOPDYOG (B) a30-01-06 a1 aP000019423